000 00352nam a22001337a 4500
999 _c515917
_d515917
082 _aTNC T1x47 V989
100 _aVyas, Arvind
_922166
245 _aThe economics of perestroika
_cby Arvind Vyas
260 _aDelhi
_bAjanta
_c1991
300 _a100p.
650 _aU. S. S. R.
_922167
650 _aPerestroika
_922168
650 _aEastern Europe
_922169